| 000 | 00616nam a2200193 a 4500 | ||
|---|---|---|---|
| 005 | 20140310183435.0 | ||
| 008 | 080130s19uu xx 00 eng d | ||
| 020 | _a9781845422899 | ||
| 050 |
_aHD 6053 _b.G765 2006 |
||
| 245 |
_aGrowth - oriented women entrepreneurs and their businesses : _ba global research perspective / |
||
| 260 |
_aCheltenham, UK : _bEdward Elgar Publishing, _c2006. |
||
| 300 |
_a402 p. : _bill. ; _c25 cm. |
||
| 521 | _aBSBA | ||
| 650 | _aBusiness women. | ||
| 650 | _aWomen-owned business enterprises. | ||
| 650 | _aNew business enterprises. | ||
| 942 |
_cBK _2lcc _kFOR |
||
| 999 |
_c22850 _d22850 |
||